| 000 | 00606nam a2200217Ia 4500 | ||
|---|---|---|---|
| 003 | OSt | ||
| 005 | 20230517112335.0 | ||
| 008 | 210423s2011 xx 000 0 und d | ||
| 040 | _cAL | ||
| 041 | _aeng | ||
| 082 | _a338.954 PALE | ||
| 100 |
_aPAL (Prankrishna);BHAUMIK (Alok K);GUPTA (Kausik) _9106439 |
||
| 245 | _aEmerging issues in the Indian economy | ||
| 260 |
_aNew Delhi _bRegal Publications _c2011 |
||
| 300 |
_axx,555 _bHB |
||
| 365 |
_b2150 _cINR |
||
| 650 |
_aEconomics _9106440 |
||
| 650 |
_aIndian Economy _9106441 |
||
| 906 | _aeconomy ; Emerging ; Indian ; issues | ||
| 942 |
_2ddc _cBK |
||
| 999 |
_c167548 _d167548 |
||